| 000 | 00000nam##2200000za#4500 |
| 001 | 9.657413 |
| 003 | CaOODSP |
| 005 | 20241125144231 |
| 007 | ta |
| 008 | 150407|1995||||xxc||||| f|0| 0 eng|d |
| 020 | |a0-662-61619-7 |
| 040 | |aCaOODSP|beng |
| 041 | |aeng |
| 041 | |afre |
| 043 | |an-cn--- |
| 086 | 1 |aE2-148/1995 |
| 110 | 1 |aCanada. |bForeign Affairs and International Trade Canada. |
| 245 | 10|aGovernment response to the recommendations of the Special Joint Parliamentary Committee Reviewing Canadian Foreign Policy |
| 260 | |aOttawa - Ontario : |bForeign Affairs and International Trade |c1995. |
| 300 | |aEnglish text, 100p. ; |c28 cm. |
| 500 | |a"The following document contains the Government's response to each recommendation of the Report of the Special Joint Parliamentary Committee reviewing Canadian Foreign Policy, entitled Canada's foreign policy: principles and priorities for the future [Cat. No. YC3-351/5-52, ISBN 0-660-59773-X]."--Page 1. |
| 520 | 3 |aThe following document contains the Government's response to each recommendation of the Report of the Special Joint Parliamentary Committee reviewing Canadian Foreign Policy, entitled Canada's foreign policy: principles and priorities for the future [Cat. No. YC3-351/5-52, ISBN 0-660-59773-X].--Page 1 |
| 546 | |aBilingual |
| 563 | |aSoftcover |
| 590 | |a95-06|b1995-02-10 |
| 690 | 07|aForeign policy|2gcpds |
| 776 | 0#|tGovernment response to the recommendations of the Special Joint Parliamentary Committee Reviewing Canadian Foreign Policy.|w(CaOODSP)9.945541 |
| 792 | |tRéponse du gouvernement aux recommandations du Comité parlementaire mixte spécial chargé de l'examen de la politique étrangère du Canada |efre|w(CaOODSP)9.657414 |